[Event "GER HS-181 email"]
[Site "GER email"]
[Date "2015.02.08"]
[Round "?"]
[White "Hansen, Marco"]
[Black "Mayer, Johann"]
[Result "1/2-1/2"]
[WhiteElo "1820"]
[BlackElo "1868"]
[PlyCount "85"]
[EventDate "2015.02.23"]
[EventType "tourn (corr)"]
[EventRounds "6"]
[EventCountry "GER"]
[SourceTitle "Corr 2020"]
[Source "ChessBase"]
[SourceDate "2019.09.30"]
[SourceVersion "1"]
[SourceVersionDate "2019.09.30"]
[SourceQuality "1"]

1. e4 e5 2. Nf3 Nc6 3. Bb5 a6 4. Ba4 Nf6 5. 0-0 Be7 6. Re1 b5 7. Bb3 0-0 8. c3 d6 9. h3 Na5 10. Bc2 c5 11. d4 Qc7 12. Nbd2 Bd7 13. Nf1 Rfe8 14. b3 Rac8 15. dxe5 dxe5 16. Ne3 Bc6 17. Nd5 Bxd5 18. exd5 Rcd8 19. Rxe5 Nc6 20. Rf5 g6 21. Bf4 Qb6 22. Rg5 Bf8 23. c4 h6 24. Rg3 Nh5 25. Rg4 Bg7 26. Bd2 Nb4 27. Bxb4 Bxa1 28. Qxa1 cxb4 29. Qc1 Nf6 30. Rg3 Kh7 31. Qf4 Qd6 32. Qh4 bxc4 33. bxc4 Kg7 34. Nd4 Re5 35. Nf3 Rh5 36. Qd4 Rc8 37. Bd3 Kh7 38. Qa7 Rc7 39. Qd4 Nd7 40. Qg4 Kg7 41. h4 Kf8 42. Qd4 Kg8 43. Rg4 1/2-1/2

[Event "GER HS-181 email"]
[Site "GER email"]
[Date "2015.02.08"]
[Round "?"]
[White "Mayer, Johann"]
[Black "Friedrich, Gerhard"]
[Result "1/2-1/2"]
[WhiteElo "1868"]
[BlackElo "1885"]
[PlyCount "64"]
[EventDate "2015.02.23"]
[EventType "tourn (corr)"]
[EventRounds "6"]
[EventCountry "GER"]
[SourceTitle "Corr 2020"]
[Source "ChessBase"]
[SourceDate "2019.09.30"]
[SourceVersion "1"]
[SourceVersionDate "2019.09.30"]
[SourceQuality "1"]

1. d4 d5 2. c4 e6 3. Nf3 Nf6 4. Nc3 Be7 5. Bf4 dxc4 6. e3 Nd5 7. Bg3 Bb4 8. Qc2 b5 9. Be2 Bb7 10. 0-0 a6 11. a4 c6 12. e4 Nf6 13. Bh4 Be7 14. e5 Nd5 15. Bxe7 Qxe7 16. Ne4 0-0 17. Nc5 Rd8 18. Rfd1 Bc8 19. Nd2 Nd7 20. Nde4 Nxc5 21. dxc5 Bd7 22. Bf3 Be8 23. g3 Rab8 24. Bg2 Nb4 25. Qc3 Rxd1+ 26. Rxd1 Nd5 27. Qd4 Kf8 28. Nd6 Qc7 29. axb5 axb5 30. Ra1 h6 31. Bf3 Kg8 32. Kg2 Bd7 1/2-1/2

[Event "GER HS-180 email"]
[Site "GER email"]
[Date "2015.01.21"]
[Round "?"]
[White "Mayer, Johann"]
[Black "Geerken, Lutz"]
[Result "0-1"]
[WhiteElo "1783"]
[BlackElo "2063"]
[PlyCount "44"]
[EventDate "2015.02.02"]
[EventType "tourn (corr)"]
[EventRounds "6"]
[EventCountry "GER"]
[SourceTitle "Corr 2020"]
[Source "ChessBase"]
[SourceDate "2019.09.30"]
[SourceVersion "1"]
[SourceVersionDate "2019.09.30"]
[SourceQuality "1"]

1. e4 e6 2. d4 d5 3. Nc3 Bb4 4. e5 c5 5. a3 Bxc3+ 6. bxc3 Ne7 7. Qg4 0-0 8. Bd3 f5 9. exf6 Rxf6 10. Bg5 Rf7 11. Qh5 g6 12. Qd1 Qa5 13. Bd2 Nd7 14. Nf3 c4 15. Be2 Nc6 16. 0-0 Nf6 17. Ng5 Re7 18. f4 Bd7 19. Bf3 Qa4 20. Nh3 Rf8 21. f5 exf5 22. Bh6 Rfe8 0-1

[Event "GER HS-179 email"]
[Site "GER email"]
[Date "2015.01.09"]
[Round "?"]
[White "Mauermann, Uwe"]
[Black "Mayer, Johann"]
[Result "1-0"]
[WhiteElo "2042"]
[BlackElo "1868"]
[PlyCount "43"]
[EventDate "2015.01.16"]
[EventType "tourn (corr)"]
[EventRounds "6"]
[EventCountry "GER"]
[SourceTitle "Corr 2020"]
[Source "ChessBase"]
[SourceDate "2019.09.30"]
[SourceVersion "1"]
[SourceVersionDate "2019.09.30"]
[SourceQuality "1"]

1. c4 e5 2. Nc3 Nf6 3. Nf3 Nc6 4. d4 exd4 5. Nxd4 Bb4 6. Nxc6 bxc6 7. Qc2 0-0 8. a3 Bxc3+ 9. Qxc3 Ne4 10. Qc2 Re8 11. e3 Qg5 12. f3 Qh4+ 13. g3 Nxg3 14. Qf2 Nf5 15. Qxh4 Nxh4 16. Kf2 a5 17. Bd2 c5 18. Rg1 a4 19. Bc3 g6 20. e4 h6 21. Bd3 Bb7 22. Rae1 1-0

[Event "GER-ch 2013-B-F serv"]
[Site "GER email"]
[Date "2015.01.08"]
[Round "?"]
[White "Mayer, Johann"]
[Black "Emrich, Eiko"]
[Result "0-1"]
[WhiteElo "1868"]
[BlackElo "2111"]
[PlyCount "40"]
[EventDate "2015.01.12"]
[EventType "tourn (corr)"]
[EventRounds "8"]
[EventCountry "GER"]
[SourceTitle "Corr 2020"]
[Source "ChessBase"]
[SourceDate "2019.09.30"]
[SourceVersion "1"]
[SourceVersionDate "2019.09.30"]
[SourceQuality "1"]

1. e4 e6 2. d4 d5 3. Nc3 Bb4 4. e5 c5 5. a3 Bxc3+ 6. bxc3 Nd7 7. Qg4 g6 8. Nf3 Qa5 9. Bd2 Qa4 10. Be2 Ne7 11. Rb1 h6 12. 0-0 c4 13. Rfc1 Qxa3 14. Ra1 Qb2 15. Ne1 Qb5 16. Rcb1 Qc6 17. Qh4 Nf5 18. Qh3 b5 19. Bg4 a5 20. Nf3 Nf8 0-1

[Event "GER HS-178 email"]
[Site "GER email"]
[Date "2014.12.08"]
[Round "?"]
[White "Herzog, Klaus"]
[Black "Mayer, Johann"]
[Result "1/2-1/2"]
[WhiteElo "1839"]
[BlackElo "1868"]
[PlyCount "39"]
[EventDate "2014.12.19"]
[EventType "tourn (corr)"]
[EventRounds "6"]
[EventCountry "GER"]
[SourceTitle "Corr 2020"]
[Source "ChessBase"]
[SourceDate "2019.09.30"]
[SourceVersion "1"]
[SourceVersionDate "2019.09.30"]
[SourceQuality "1"]

1. e4 e6 2. d4 d5 3. Nc3 Nf6 4. Bg5 dxe4 5. Nxe4 Be7 6. Bxf6 Bxf6 7. Nf3 0-0 8. Qd2 Nd7 9. 0-0-0 Be7 10. Bd3 b6 11. Rhe1 Bb7 12. Qf4 Nf6 13. Nxf6+ Bxf6 14. Be4 Bxe4 15. Qxe4 Qe8 16. Ne5 Bxe5 17. dxe5 Rd8 18. Rxd8 Qxd8 19. Rd1 Qe7 20. c3 1/2-1/2

[Event "GER HS-168 email"]
[Site "GER email"]
[Date "2014.08.08"]
[Round "?"]
[White "Mayer, Johann"]
[Black "Schumacher, Frank"]
[Result "1/2-1/2"]
[WhiteElo "1882"]
[BlackElo "2003"]
[PlyCount "108"]
[EventDate "2014.08.18"]
[EventType "tourn (corr)"]
[EventRounds "6"]
[EventCountry "GER"]
[SourceTitle "Corr 2020"]
[Source "ChessBase"]
[SourceDate "2019.09.30"]
[SourceVersion "1"]
[SourceVersionDate "2019.09.30"]
[SourceQuality "1"]

1. e4 e5 2. Nf3 Nc6 3. Bb5 a6 4. Ba4 Nf6 5. 0-0 Be7 6. Re1 b5 7. Bb3 d6 8. c3 0-0 9. h3 Bb7 10. d4 Re8 11. Nbd2 Bf8 12. a4 h6 13. Bc2 exd4 14. cxd4 Nb4 15. Bb1 c5 16. d5 Nd7 17. Ra3 g6 18. Nf1 Bg7 19. a5 Rc8 20. Ng3 Ne5 21. Nxe5 Bxe5 22. Nf1 Bg7 23. Nh2 Rc7 24. Ng4 Kh7 25. h4 Bc8 26. h5 g5 27. Rg3 Kh8 28. Rf1 Rg8 29. Ra3 Re7 30. Qf3 Bxg4 31. Qxg4 Bd4 32. Qf3 Rge8 33. Rb3 f6 34. Bd2 Be5 35. Qf5 Rg7 36. f4 gxf4 37. Bxf4 Reg8 38. g3 c4 39. Rbf3 Bxb2 40. Qe6 c3 41. R1f2 c2 42. Bxc2 Nxc2 43. Rxc2 Qxa5 44. Kh2 Bd4 45. Bxh6 Rc7 46. Rxc7 Qxc7 47. Rxf6 Bxf6 48. Qxf6+ Kh7 49. Bd2 Qg7 50. Qxd6 Re8 51. Qxa6 Qg4 52. Qb7+ Kg8 53. h6 Qh5+ 54. Kg2 Qe2+ 1/2-1/2

[Event "GER HS-158 email"]
[Site "GER email"]
[Date "2014.01.10"]
[Round "?"]
[White "Mayer, Johann"]
[Black "Friedrich, Gerhard"]
[Result "1-0"]
[WhiteElo "1905"]
[BlackElo "1925"]
[PlyCount "105"]
[EventDate "2014.01.20"]
[EventType "tourn (corr)"]
[EventRounds "6"]
[EventCountry "GER"]
[SourceTitle "Corr 2015"]
[Source "ChessBase"]
[SourceDate "2015.07.17"]
[SourceVersion "1"]
[SourceVersionDate "2015.07.17"]
[SourceQuality "1"]

1. d4 Nf6 2. c4 e6 3. Nf3 d5 4. Nc3 Be7 5. Bg5 0-0 6. e3 h6 7. Bh4 b6 8. Be2 Bb7 9. Bxf6 Bxf6 10. cxd5 exd5 11. b4 Qd6 12. Rb1 g5 13. h3 Nc6 14. Qb3 Rad8 15. 0-0 Rfe8 16. Rfc1 a6 17. Bd3 h5 18. b5 axb5 19. Nxb5 Qd7 20. Nh2 Kg7 21. Qd1 Rh8 22. Nf1 h4 23. Qf3 Bc8 24. Nh2 Be7 25. Rb2 Bd6 26. Ng4 f5 27. Bxf5 Qxf5 28. Rxc6 Qxf3 29. gxf3 Bb7 30. Rc3 Rd7 31. Nxd6 cxd6 32. Rxb6 Ra8 33. Rcb3 Ra7 34. a4 Ba6 35. Kg2 Bc4 36. R3b4 Be2 37. Rc6 Rf7 38. Nh2 Rfd7 39. Rbb6 Rxa4 40. Rxd6 Rxd6 41. Rxd6 Bc4 42. Ng4 Ra6 43. Rd7+ Kg8 44. Rc7 Ba2 45. e4 dxe4 46. fxe4 Bb3 47. d5 Bd1 48. e5 Bxg4 49. hxg4 Kf8 50. d6 Ra4 51. e6 Rxg4+ 52. Kh3 Rd4 53. Rc8+ 1-0

[Event "GER HS-158 email"]
[Site "GER email"]
[Date "2014.01.10"]
[Round "?"]
[White "Tacke, Hubert"]
[Black "Mayer, Johann"]
[Result "1/2-1/2"]
[WhiteElo "1859"]
[BlackElo "1905"]
[PlyCount "63"]
[EventDate "2014.01.20"]
[EventType "tourn (corr)"]
[EventRounds "6"]
[EventCountry "GER"]
[SourceTitle "Corr 2015"]
[Source "ChessBase"]
[SourceDate "2015.07.17"]
[SourceVersion "1"]
[SourceVersionDate "2015.07.17"]
[SourceQuality "1"]

1. d4 Nf6 2. c4 e6 3. Nc3 Bb4 4. e3 c5 5. Nf3 d6 6. Bd3 0-0 7. 0-0 Bxc3 8. bxc3 Nc6 9. e4 e5 10. d5 Ne7 11. Nh4 Ng6 12. Nf5 Ne7 13. Bg5 Nxf5 14. exf5 Re8 15. Re1 b6 16. f4 Ba6 17. fxe5 Rxe5 18. Qd2 Qe7 19. Rxe5 dxe5 20. a4 Re8 21. Re1 Qd6 22. Bh4 Bc8 23. h3 e4 24. Bxf6 Qxf6 25. Rxe4 Rxe4 26. Bxe4 Qe5 27. Bc2 g6 28. fxg6 hxg6 29. a5 bxa5 30. Ba4 Qd6 31. Qd3 Bd7 32. Bxd7 1/2-1/2

[Event "GER HS-157 email"]
[Site "GER email"]
[Date "2013.12.31"]
[Round "?"]
[White "Jahn, Peter"]
[Black "Mayer, Johann"]
[Result "1-0"]
[WhiteElo "1871"]
[BlackElo "1905"]
[PlyCount "139"]
[EventDate "2014.01.13"]
[EventType "tourn (corr)"]
[EventRounds "6"]
[EventCountry "GER"]
[SourceTitle "Corr 2015"]
[Source "ChessBase"]
[SourceDate "2015.07.17"]
[SourceVersion "1"]
[SourceVersionDate "2015.07.17"]
[SourceQuality "1"]

1. d4 Nf6 2. Nf3 d5 3. c4 c6 4. Qc2 g6 5. Bf4 Bg7 6. e3 0-0 7. Nc3 Na6 8. a3 Nc7 9. Be5 Bg4 10. Nd2 dxc4 11. Bxc4 Nd7 12. Bxg7 Kxg7 13. h3 Bf5 14. e4 Be6 15. Ne2 Bxc4 16. Nxc4 Nb6 17. Na5 Rb8 18. 0-0 Qd6 19. Rac1 Ne6 20. Qc3 Kg8 21. Rfd1 Nf4 22. Qe3 Nxe2+ 23. Qxe2 Rfd8 24. b4 Qe6 25. Qe3 Kg7 26. Nb3 Nd7 27. Rd3 Qf6 28. Qd2 e6 29. Re1 Qh4 30. Qc3 Kg8 31. Nd2 Rbc8 32. e5 Nb6 33. Ne4 Nd5 34. Qd2 Qf4 35. Qb2 Rc7 36. g3 Qh6 37. Kg2 a6 38. Rh1 Qf8 39. h4 h6 40. h5 g5 41. Qe2 Kh8 42. Rb1 Qg7 43. a4 Qf8 44. Qf3 Qg7 45. b5 cxb5 46. axb5 axb5 47. Rxb5 b6 48. Ra3 g4 49. Qe2 Rcd7 50. Rbb3 Rc7 51. Rb2 Rg8 52. Rba2 Qf8 53. Qd2 Kh7 54. Qe1 f5 55. exf6 Nxf6 56. Nxf6+ Qxf6 57. Re3 Rg5 58. Rxe6 Qf3+ 59. Kg1 Rxh5 60. Re7+ Rxe7 61. Qxe7+ Kg6 62. Qe8+ Qf7 63. Qe4+ Qf5 64. Qc6+ Qf6 65. Qc2+ Qf5 66. Qb3 Qf6 67. Qb1+ Rf5 68. Qe4 Kg5 69. Ra8 Qf7 70. Rh8 1-0

[Event "GER HS-156 email"]
[Site "GER email"]
[Date "2013.12.30"]
[Round "?"]
[White "Mayer, Johann"]
[Black "Kirch, Bernhard"]
[Result "0-1"]
[WhiteElo "1915"]
[BlackElo "1902"]
[PlyCount "94"]
[EventDate "2014.01.06"]
[EventType "tourn (corr)"]
[EventRounds "6"]
[EventCountry "GER"]
[SourceTitle "Corr 2015"]
[Source "ChessBase"]
[SourceDate "2015.07.17"]
[SourceVersion "1"]
[SourceVersionDate "2015.07.17"]
[SourceQuality "1"]

1. e4 e5 2. Nf3 Nc6 3. d4 exd4 4. Nxd4 Nf6 5. Nc3 Bb4 6. Nxc6 bxc6 7. Bd3 0-0 8. 0-0 d5 9. exd5 cxd5 10. Bg5 c6 11. Ne2 h6 12. Bh4 Bd6 13. Nd4 c5 14. Nf5 Bxf5 15. Bxf5 Rb8 16. Rb1 Rb4 17. Bg3 Bxg3 18. hxg3 Qb8 19. b3 Qe5 20. Qd3 c4 21. Qf3 g6 22. c3 Rb6 23. Bc2 Re8 24. Rfd1 h5 25. Rbc1 Ra6 26. Bb1 Kg7 27. Qf4 Qxf4 28. gxf4 Rc8 29. bxc4 dxc4 30. g3 Ra3 31. Kg2 Rb8 32. Rd4 Rb2 33. Rxc4 Ng4 34. Rb4 Rxf2+ 35. Kg1 Rf3 36. Kg2 Rfxc3 37. Rxc3 Rxc3 38. Ra4 Ne3+ 39. Kf2 Nd1+ 40. Ke2 Rc1 41. Bd3 Nb2 42. Ra3 Nxd3 43. Kxd3 Rh1 44. Ke4 Rh3 45. Rb3 a5 46. Rd3 h4 47. Kd4 hxg3 0-1

[Event "GER HS-154 email"]
[Site "GER email"]
[Date "2013.10.27"]
[Round "?"]
[White "Mayer, Johann"]
[Black "Clauss, Andreas"]
[Result "1/2-1/2"]
[WhiteElo "1905"]
[BlackElo "1884"]
[PlyCount "68"]
[EventDate "2013.11.04"]
[EventType "tourn (corr)"]
[EventRounds "6"]
[EventCountry "GER"]
[SourceTitle "Corr 2015"]
[Source "ChessBase"]
[SourceDate "2015.07.17"]
[SourceVersion "1"]
[SourceVersionDate "2015.07.17"]
[SourceQuality "1"]

1. d4 Nf6 2. c4 e6 3. Nf3 d5 4. Nc3 Bb4 5. cxd5 exd5 6. Bg5 Nbd7 7. Qc2 0-0 8. e3 c5 9. Bd3 Qa5 10. 0-0 c4 11. Bf5 Re8 12. Nd2 g6 13. Bxd7 Nxd7 14. f3 Nb6 15. Bf4 Bf8 16. Rae1 Bg7 17. Kh1 Bd7 18. Bg3 Re6 19. Re2 Rae8 20. Rfe1 f5 21. Bc7 Rc8 22. Bf4 Bf6 23. Qc1 Bc6 24. Qc2 Qb4 25. a3 Qe7 26. Bg3 Qd7 27. f4 Ba4 28. Qc1 Qd8 29. Nf3 Re8 30. Ne5 Bd7 31. Rf1 Be6 32. Rf3 Nd7 33. Qe1 a6 34. Kg1 b5 1/2-1/2